000 00551nam a2200169 i 4500
001 bg
245 0 _aKatalog Nakładów Rzeczowych nr 5-16 /
_cMin. Budownictwa, Gospodarki Przestrzennej i Komunalnej ; [Biuro Studiów i Projektów Przemysłowych Urządzeń Elektrycznych ELEKTROPROJEKT.
250 _aWyd.3.
254 _aKNR5-16
260 _aWarszawa :
_bWydawnictwa Akcydensowe,
_c1987.
650 9 _ainstalacje elektryczne
650 9 _asuwnice
040 _cBPK
041 _apl
942 _cKA
008 s pl f |000 0 pol
999 _c10115
_d10115
856 _uhttp://koha.tu.koszalin.pl/cgi-bin/koha/opac-detail.pl?biblionumber=10115
_yKatalog online BPK